1100 1517 1189 1395 1855 1651 1099 1204 1495 1414 1002 1202 1596 1581 1956 1278 1148 1415 1083 1287 1373 1968 1980 1454 1431 1712 1182 1431 1527 1791 1452 1538 1864 1937 1763 1885 1162 1610 1024 1617 1931 1889 1242 1891 1332 1251 1750 1383 1743 1560 1543 1642 1297 1848 1315 1777 1793 1359 1986 1804 1931 1100 1845 1293 1803 1093 1297 1051 1988 1916 1363 1548 1358 1191 1156 1661 1049 1767 1245 1482 1913 1393 1310 1805 1343 1600 1413 1862 1054 1115 1048 1296 1538 1993 1122 1831 1048 1244 1668 BCNSPRNW ULIB Ver.6.0+V

เปลี่ยนเป็นภาษาไทย

Change to English
 แสดงรายละเอียดบรรณานุกรม
  กลับหน้าหลัก

Brief Record : Get Marc (ISO 2709) : E-mail record : QR code < ปิดหน้าต่าง
LEADER : 00000nam 2200000uu 4500
001    13399129110
003     ULIB
008    020711s2025 th a 000 0 eng d
020    ^a9780729544603
060    ^aWQ100^bR819P
100    ^aRoslyn Donnellan - Fernandez, Maryam Bazargan, Clare Davison, Michelle Gray, and Kirsten Small
245    ^aPharmacology in Midwifery
250    ^a1st ed
260    ^aAustralia :^bELSEVIER,^c2025
300    ^a457 pages;^c30 cm
650    ^aMidwifery
650    ^aPharmacology
945    ^p1853^l0^i011867
999    ^aประนอม เกษจรัล
รายการนี้ยังไม่มีแท็ก
คุณยังไม่ได้ล็อกอิน คุณสามารถมีกิจกรรมร่วมกับเว็บไซต์ได้ แต่ต้องล็อกอินก่อน ::
  ล็อกอิน

รายการสื่อสารสนเทศ

ลำดับที่ ประเภท เลขเรียก/บาร์โค้ด สถานที่ สถานะ
1. วิทยาศาสตร์การแพทย์ และสุขภาพ
หนังสือสำรอง
สถานะ=หนังสือสำรอง
WQ100 R819P ฉ.1 
  Barcode: 011867
ห้องสมุดวิทยาเขตสวรรค์ประชารักษ์
►หนังสือทั่วไป
บนชั้น

รายการใกล้เคียง
    หัวเรื่อง [Midwifery]
    หัวเรื่อง [Pharmacology]

BibComment


ยังไม่เคยถูกคอมเมนท์

คอมเมนท์ทรัพยากรรายการนี้
  คอมเมนท์: Pharmacology in ..


 Copyright 2026. Bcnsprnw @Library